Normal view
MARC view
- Schroeder, M. R
Entry Personal Name
001 - CONTROL NUMBER
- control field: 102840
003 - CONTROL NUMBER IDENTIFIER
- control field: NUST
005 - DATE AND TIME OF LATEST TRANSACTION
- control field: 20221117123413.0
008 - FIXED-LENGTH DATA ELEMENTS
- fixed length control field: 221117|| aca||aabn | a|a d
040 ## - CATALOGING SOURCE
- Original cataloging agency: NUST
- Transcribing agency: NUST
100 ## - HEADING--PERSONAL NAME
- Personal name: Schroeder, M. R
670 ## - SOURCE DATA FOUND
- Source citation: Work cat.: (NUST)188721: Schroeder, M. R., Number theory in science and communication :, c1986.
